| 000 | 01282cam a2200289 4500 | ||
|---|---|---|---|
| 002 | 7198 | ||
| 008 | #DATE n2003 000 0 eng u | ||
| 020 | _a0728204177 | ||
| 035 | _a(Sirsi) u122595 | ||
| 041 | _aeng | ||
| 050 |
_a690.25 _c18 |
||
| 100 | _aMarshall, Duncan | ||
| 245 |
_aUnderstanding housing defects _h[electronic resource] |
||
| 250 | _a2nd ed. | ||
| 260 |
_aLondon _bEstates Gazette _c2003 |
||
| 300 | _aeBook | ||
| 520 | _aProvides a comprehensive introduction to the causes, investigation and diagnosis of housing defects. Explains why and how defects occur and how defects can be recognised and identified. Includes chapters on legal definitions and implications, foundations, walls, brickwork, floors, roofs, external rendering, plastering, timber pests, condensation, damp, system building and services. Appendix summarises five distinct periods of housing construction. | ||
| 520 | _aThis title is also available as an eBook. | ||
| 650 | _aHOUSING DEFECTS | ||
| 650 | _aEBOOK | ||
| 650 | _aBUILDING MOVEMENT | ||
| 690 | _aBUILT ENVIRONMENT-BUILDING PATHOLOGY | ||
| 700 | _aWorthing, Derek | ||
| 700 | _aHeath, Roger | ||
| 856 | 4 | 1 |
_uhttps://www.vlebooks.com/ _zView on VLEbooks. Logins for members only from [email protected] |
| 942 | _n0 | ||
| 999 |
_c102888 _d102888 |
||